000 00936nam0a22002771 4500
001 rc\2207834
005 20250623090349.0
035 _a(NLR Aleph) 006695442
090 _a5189193
_c5189193
100 _a20110829d1979 |||y0rusy50 ca
101 0 _arus
102 _aRU
105 _aa z |||||
200 1 _aС треногой и планшетом
_eЗап. топографа
210 _aМосква
_cМысль
_d1979
215 _a142 с., 8 л. ил.
_d20
606 _aТопографические экспедиции
_yЧукот. нац. окр.
_2psbo
606 _aТопографические экспедиции
_yКамчат. обл.
_2psbo
700 1 _aПитухин
_bВ.М.
_gВладимир Михайлович
801 0 _aRU
_bNLR
_gpsbo
801 1 _aRU
_bELAR
_2rusmarc
852 _aNLR
_j79-3/10767
899 _aRuMoRGB
_jB 79-15/332
899 _aRuMoRGB
_jB 79-15/333
942 _cBOOK
980 _aNB